Etudes littéraires sur l'Espagne contemporaine / (Record no. 157238)
[ view plain ]
| 000 -LEADER | |
|---|---|
| campo de control de longitud fija | 00671nam a22001935i 4500 |
| 001 - NÚMERO DE CONTROL | |
| campo de control | 157238 |
| 003 - IDENTIFICADOR DE NÚMERO DE CONTROL | |
| campo de control | ES-MaACL |
| 005 - FECHA Y HORA DE LA ÚLTIMA TRANSACCIÓN | |
| campo de control | 20250603171157.0 |
| 008 - DATOS DE LONGITUD FIJA--INFORMACIÓN GENERAL | |
| campo de control de longitud fija | 990715s1864 fr |||| | fre d |
| 040 ## - FUENTE DE CATALOGACIÓN | |
| Centro catalogador/agencia de origen | CAM |
| Lengua de catalogación | spa |
| Centro/agencia transcriptor | CAM |
| 100 1# - ENTRADA PRINCIPAL--NOMBRE DE PERSONA | |
| Nombre de persona | Latour, Antoine de ( |
| Fechas asociadas al nombre | 1808-1881) |
| 9 (RLIN) | 128733 |
| 245 10 - MENCIÓN DEL TÍTULO | |
| Título | Etudes littéraires sur l'Espagne contemporaine / |
| Mención de responsabilidad, etc. | par Antoine de Latour. |
| 260 ## - PUBLICACIÓN, DISTRIBUCIÓN, ETC. | |
| Lugar de publicación, distribución, etc. | Paris : |
| Nombre del editor, distribuidor, etc. | Michel Lévy fréres libraires-éditeurs, |
| Fecha de publicación, distribución, etc. | 1864 ( |
| Fabricante | Imp. Simon Raçon et comp.) |
| 300 ## - DESCRIPCIÓN FÍSICA | |
| Extensión | VIII, 398 p. ; |
| Dimensiones | 19 cm. |
| 650 #4 - PUNTO DE ACCESO ADICIONAL DE MATERIA--TÉRMINO DE MATERIA | |
| 9 (RLIN) | 14560 |
| Término de materia o nombre geográfico como elemento de entrada | Literatura española- |
| Subdivisión general | Historia y crítica |
| 852 ## - LOCALIZACIÓN | |
| Ubicación | ES-MaACL |
| Número de control de estantería | G-7579 |
| Nota libre | -- Enc. pasta |
| 942 ## - ELEMENTOS DE ENTRADA SECUNDARIOS (KOHA) | |
| Fuente del sistema de clasificación o colocación | Clasificación decimal universal |
| Estatus retirado | Estado de pérdida | Estado de daño | No para préstamo | Colección | Biblioteca de origen | Biblioteca actual | Ubicación en estantería | Fecha de adquisición | Fuente de adquisición | Total de préstamos | Signatura topográfica completa | Código de barras | Visto por última vez | Precio de reemplazo | Tipo de ítem Koha |
|---|---|---|---|---|---|---|---|---|---|---|---|---|---|---|---|
| Libros del s. XIX | Biblioteca del Ateneo de Madrid | Biblioteca del Ateneo de Madrid | Sala Pecera Planta 3 | 17/01/2008 | G-7579 | 1164540 | 23/02/2023 | 23/02/2023 | Libro impreso antiguo |
